Online Catalogue and eLibrary

Free speech / (Record no. 585)

MARC details
000 -LEADER
fixed length control field 00614cam a2200217 a 4500
001 - CONTROL NUMBER
control field 3559703
005 - DATE AND TIME OF LATEST TRANSACTION
control field 20240319034036.0
008 - FIXED-LENGTH DATA ELEMENTS--GENERAL INFORMATION
fixed length control field 980226s1998 enk b 001 0 eng
020 ## - INTERNATIONAL STANDARD BOOK NUMBER
ISBN 0415148049
020 ## - INTERNATIONAL STANDARD BOOK NUMBER
ISBN 0415148057 (pbk.)
040 ## - CATALOGING SOURCE (பட்டியலாக்க மூலம்)
Original cataloging agency DLC
Transcribing agency DLC
Modifying agency DLC
082 00 - DDC Classification
Class No. 323.44.
DDC Edition Number 21
Item Number - Author Mark FRE.
100 1# - MAIN ENTRY--PERSONAL NAME
Personal name Haworth, Alan,
245 10 - TITLE STATEMENT
Title Free speech /
Statement of responsibility, etc. Alan Haworth.
260 ## - PUBLICATION, DISTRIBUTION, ETC.
Place of publication, distribution, etc. London ;
-- New York :
Name of publisher, distributor, etc. Routledge,
Date of publication, distribution, etc. 1998.
300 ## - PHYSICAL DESCRIPTION
Extent (e.g. Volumes, Pages etc.) xiv, 263 p. ;
490 1# - SERIES STATEMENT
Series statement The problems of philosophy
650 #0 - SUBJECT ADDED ENTRY--TOPICAL TERM
Topical term or geographic name entry element Freedom of speech.
856 42 - ELECTRONIC LOCATION AND ACCESS
Uniform Resource Identifier <a href="http://www.loc.gov/catdir/enhancements/fy0649/98013946-d.html">http://www.loc.gov/catdir/enhancements/fy0649/98013946-d.html</a>
942 ## - Koha item type (Biblio)
Koha item type Books in Stacks (Lending)
Holdings
Lost status Damaged status Collection code Home library Current library Date acquired Full call number Accession Number Item type
    Lending WERC Library WERC Library 03/19/2024 323.44. FRE. 2922 Books in Stacks (Lending)

© WERC Library